000 01395cam a22003251 4500
001 gs 67000158
003 DLC
005 20260227111420.0
008 760202s1967 dcuab b f000 0 eng c
010 _ags 67000158
035 _a(OCoLC)1962746
040 _aU.S. Geol. Survey Libr.
_cTxDaM
_dOCoLC
_dDLC
042 _apremarc
050 0 0 _aQE75
_b.B9 no. 1215
082 _a557.8163
100 1 _aJohnson, William D.
245 1 0 _aGeology of Shawnee County, Kansas.
260 _aWashington,
_bU.S. Govt. Print. Off.,
_c1967.
300 _aiii, 254 p.
_billus., maps (2 col.)
_c24 cm.
410 2 0 _aGeological Survey (U.S.)
_tBulletin
_vl215
500 _aPart of illustrative matter fold. in pocket.
500 _aIssued as separate chapters, A and B.
500 _a"Prepared in cooperation with the State Geological Survey of Kansas as a part of a U. S. Department of the Interior program for the development of the Missouri River Basin."
505 0 _aA. Geology of eastern Shawnee County, Kansas and vicinity, by W. D. Johnson, Jr. and W. L. Adkison.--B. Geology of western Shawnee County, Kansas and vicinity, by W. D. Johnson, Jr. and H. C. Wagner.
504 _aIncludes bibliographies.
650 0 _aGeology
_zKansas
_zShawnee County.
700 1 _aAdkison, W. L.
_ejt. auth.
700 1 _aWagner, Holly Clyde,
_d1918-
_ejt. author.
710 2 _aKansas Geological Survey
999 _c30308
_d30308